| 000 | 00312nam a2200109Ia 4500 | ||
|---|---|---|---|
| 005 | 20251222144848.0 | ||
| 008 | 251222s9999||||xx |||||||||||||| ||spa|| | ||
| 082 | _a624.925/I59 | ||
| 245 | 0 | _aSupervisión de Obras Conforme a la Normatividad Vigente | |
| 264 | _bInstituto de Construcción y Gerencia | ||
| 942 | _cLIB | ||
| 999 |
_c21491 _d21491 |
||